00787nam a2200205 a 450000100100000000500170001000800410002702000150006804000250008308200140010824501370012226000310025930000280029070000280031870000320034670000310037870000430040995201120045299900170056400003653720200930075803.0120119s1986 sp a 000 0 spa d a8475921051 aDO-SdBNPbspacBNPHU axxxbT77200aTransfusión sanguinea :bBases teóricas y aplicación clínica /cJhon G. Kelton ... [et.al] ; prólogo Joan Grifols Espés. aBarcelona :bDoyma,c1986. a162 p. :bil. ;c28 cm.1 aHeddle, Nancy M.9627891 aBlajchman, Morris A.9627901 aBrain, Elizabeth A.9627911 aGrifols Espés, Joan,epról.962792 001050718MOaGRbGRcCTd2012-01-19iLF1l0oxxx T772p36537-10r2020-06-25w2020-06-25y1ZNo se presta c36028d36028